Normal view
MARC view
- Samaniego de García, Pilar
Entry Nombre de persona
001 - NÚMERO DE CONTROL
- campo de control: 322
003 - IDENTIFICADOR DEL NÚMERO DE CONTROL
- campo de control: ES-MaFIAP
005 - FECHA Y HORA DE LA ÚLTIMA TRANSACCIÓN
- campo de control: 20220921120332.0
008 - DATOS DE LONGITUD FIJA
- campo de control de longitud fija: 220921|| aca||aabn | a|a d
040 ## - FUENTE DE LA CATALOGACIÓN
- Centro catalogador/agencia de origen: ES-MaFIAP
- Centro/agencia transcriptor: ES-MaFIAP
100 ## - ENCABEZAMIENTO-NOMBRE DE PERSONA
- Nombre de persona: Samaniego de García, Pilar
670 ## - FUENTE DE DATOS ENCONTRADOS
- Cita de la fuente: Work cat.: (ES-MaFIAP)93: Personas con discapacidad y acceso a servicios educativos en Latinoamérica [Texto impreso] :, 2009





